Superbad Characters Quiz Stats

Quiz not verified by Sporcle

Challenge
Share
Tweet
Score 0/8 Timer 03:00
0 Plays Today
Character % Correct
Fogell
98.5%
Seth
87.6%
Evan
81%
Becca
77.4%
Jules
75.2%
Officer Slater
50.4%
Officer Michaels
42.3%
Francis
15.3%

You're not logged in!

Compare scores with friends on all Sporcle quizzes.
Join for Free
OR
Log In

You Might Also Like...

Show Comments

Extras

Top Quizzes Today


Score Distribution

Your Account Isn't Verified!

In order to create a playlist on Sporcle, you need to verify the email address you used during registration. Go to your Sporcle Settings to finish the process.

Report this User

Report this user for behavior that violates our Community Guidelines.

Details: